000 00688nam a22002057a 4500
005 20240402155652.0
010 _aENG-139726
020 _a9788119625970
_c1200.00
035 _aEN-123258
037 _bDBAD/PUB
082 _a954
100 _aDharmadhikari, Avinash
_964220
245 _a75 Golden Pages:
_bShining Stars Of Indian History After Freedom/
_cBy Avinash Dharmadhikari
260 _aPune
_bDileep Majgaonkr Rajhans Prakashan Pvt. Ltd.
_c2023
270 _a1025,Sadashiv Peth
_bPune
_e411030
300 _a456p.
_c24cm(pbk)
700 _aAvinash Dharmadhikari
_963487
710 _aKapil Kelkar
_e Translateor
_963488
942 _2ddc
_cEN
_mDHA
_h954
999 _c201555
_d201555